Příspěvky k dějinám KSČ

Enregistré dans:
Détails bibliographiques
Format: Publication en série
Langue:tchèque
Publié: Praha Ústav dějin KSČ
Tags: Ajouter un tag
Pas de tags, Soyez le premier à ajouter un tag!

MARC

LEADER 00000nas1a2200000$$$4500
001 0016839
005 20250730114821.3
041 0 |a cze 
044 |a CZ 
245 1 0 |a Příspěvky k dějinám KSČ 
264 1 |a Praha  |b Ústav dějin KSČ